Seleções semifinalistas da Copa do Mundo da FIFA - Statistics

Estatísticas Gerais
  • Esse quiz foi jogado 52 vezes
  • A pontuação média é 84 de 88
Estatísticas das Respostas
Edição Seleção % Correto
Itália 1934 Alemanha
100%
Alemanha Ocidental 1974 Alemanha
100%
Coreia do Sul e Japão 2002 Alemanha
100%
Alemanha 2006 Alemanha
100%
África do Sul 2010 Alemanha
100%
Brasil 2014 Alemanha
100%
Suíça 1954 Alemanha Ocidental
100%
Inglaterra 1966 Alemanha Ocidental
100%
Espanha 1982 Alemanha Ocidental
100%
México 1986 Alemanha Ocidental
100%
Itália 1990 Alemanha Ocidental
100%
Uruguai 1930 Argentina
98%
Argentina 1978 Argentina
98%
México 1986 Argentina
98%
Itália 1990 Argentina
98%
Brasil 2014 Argentina
98%
Catar 2022 Argentina
98%
França 1938 Brasil
98%
Brasil 1950 Brasil
98%
Suécia 1958 Brasil
98%
Chile 1962 Brasil
98%
México 1970 Brasil
98%
Alemanha Ocidental 1974 Brasil
98%
Argentina 1978 Brasil
98%
Estados Unidos 1994 Brasil
98%
França 1998 Brasil
98%
Coreia do Sul e Japão 2002 Brasil
98%
Brasil 2014 Brasil
98%
Brasil 1950 Espanha
98%
África do Sul 2010 Espanha
98%
Suécia 1958 França
98%
Espanha 1982 França
98%
México 1986 França
98%
França 1998 França
98%
Alemanha 2006 França
98%
Rússia 2018 França
98%
Catar 2022 França
98%
Alemanha Ocidental 1974 Holanda
98%
Argentina 1978 Holanda
98%
França 1998 Holanda
98%
África do Sul 2010 Holanda
98%
Brasil 2014 Holanda
98%
Itália 1934 Itália
98%
França 1938 Itália
98%
México 1970 Itália
98%
Argentina 1978 Itália
98%
Espanha 1982 Itália
98%
Itália 1990 Itália
98%
Estados Unidos 1994 Itália
98%
Alemanha 2006 Itália
98%
Uruguai 1930 Uruguai
98%
Brasil 1950 Uruguai
98%
Suíça 1954 Uruguai
98%
México 1970 Uruguai
98%
África do Sul 2010 Uruguai
98%
México 1986 Bélgica
96%
Rússia 2018 Bélgica
96%
França 1998 Croácia
96%
Rússia 2018 Croácia
96%
Catar 2022 Croácia
96%
Inglaterra 1966 Inglaterra
96%
Itália 1990 Inglaterra
96%
Rússia 2018 Inglaterra
96%
Catar 2022 Marrocos
96%
Coreia do Sul e Japão 2002 Turquia
96%
França 1938 Hungria
93%
Suíça 1954 Hungria
93%
Inglaterra 1966 Portugal
93%
Alemanha 2006 Portugal
93%
Chile 1962 Chile
91%
Coreia do Sul e Japão 2002 Coreia do Sul
91%
França 1938 Suécia
91%
Brasil 1950 Suécia
91%
Suécia 1958 Suécia
91%
Estados Unidos 1994 Suécia
91%
Uruguai 1930 Estados Unidos
89%
Alemanha Ocidental 1974 Polônia
89%
Espanha 1982 Polônia
89%
Itália 1934 Tchecoslováquia
89%
Chile 1962 Tchecoslováquia
89%
Estados Unidos 1994 Bulgária
87%
Inglaterra 1966 União Soviética
87%
Uruguai 1930 Iugoslávia
85%
Chile 1962 Iugoslávia
85%
Itália 1934 Áustria
83%
Suíça 1954 Áustria
83%
Suécia 1958 Alemanha Ocidental
70%
México 1970 Alemanha Ocidental
70%
Nenhum quiz correspondente encontrado
Distribuição das Pontuações
Porcentagem de Pessoas com Cada Pontuação
Percentil de Números Respondidos
Sua Pontuação Histórica
Você não jogou esse quiz